[Event "Moravia-Silesia Region-chT 2223"]
[Site "Czech Republic"]
[Date "2023.03.19"]
[Round "10"]
[White "Tylecek, Drahomir"]
[Black "Kriebel, Rudolf"]
[Result "1-0"]
[WhiteElo "1807"]
[BlackElo "1782"]
[PlyCount "59"]
[EventDate "2022.10.09"]
[EventType "team-tourn"]
[EventRounds "11"]
[EventCountry "CZE"]
[SourceTitle "EXT 2024"]
[Source "ChessBase"]
[SourceDate "2023.10.10"]
[SourceVersion "1"]
[SourceVersionDate "2023.10.10"]
[SourceQuality "1"]
[WhiteTeam "Ostrava III"]
[BlackTeam "Dolni Benesov II"]
[WhiteTeamCountry "CZE"]
[BlackTeamCountry "CZE"]

1. e4 c5 2. Nf3 d6 3. d4 cxd4 4. Nxd4 Nf6 5. Nc3 a6 6. Bg5 e5 7. Nb3 Be7 8. Qd2 Be6 9. 0-0-0 Nbd7 10. Kb1 0-0 11. f4 b5 12. h4 Qb6 13. f5 Bc4 14. g4 a5 15. Bxf6 Nxf6 16. g5 Ng4 17. Bxc4 bxc4 18. Nd5 Qb7 19. Nxa5 Qa7 20. Nxe7+ Qxe7 21. Rhg1 Nf2 22. Qxf2 Rxa5 23. Qb6 Rfa8 24. a3 R5a6 25. Qb4 Qc7 26. Rd5 Ra4 27. Qxd6 Qc8 28. Rgd1 h5 29. gxh6 Rxa3 30. Qxa3 1-0

[Event "LSS No Engine Cup 231 Preliminary 0"]
[Site "LSS email"]
[Date "2022.11.22"]
[Round "?"]
[White "Louro, Eugenio"]
[Black "Tylecek, Drahomir"]
[Result "1-0"]
[WhiteElo "1901"]
[BlackElo "1370"]
[PlyCount "65"]
[EventDate "2022.11.22"]
[EventType "tourn (corr)"]
[EventRounds "6"]
[EventCountry "GER"]
[SourceTitle "Corr 2024"]
[Source "ChessBase"]
[SourceDate "2023.10.19"]
[SourceVersion "1"]
[SourceVersionDate "2023.10.19"]
[SourceQuality "1"]

1. e4 e5 2. Nf3 Nc6 3. Nc3 f5 4. exf5 Nf6 5. d4 e4 6. Ne5 d6 7. Nxc6 bxc6 8. g4 Qe7 9. g5 Nd5 10. Nxd5 cxd5 11. Qh5+ Qf7 12. Bb5+ Ke7 13. f6+ gxf6 14. gxf6+ Ke6 15. Qxf7+ Kxf7 16. Bc6 Rb8 17. Bxd5+ Be6 18. Bxe4 d5 19. Bf3 Rg8 20. h4 h6 21. b3 Kxf6 22. c3 Re8 23. Be3 c6 24. Kd2 Bg4 25. Rhg1 h5 26. Bg5+ Kf5 27. Bxg4+ hxg4 28. f3 gxf3 29. Raf1 Re2+ 30. Kd1 Rxa2 31. Rxf3+ Ke6 32. Re1+ Kd7 33. Rf7+ 1-0

[Event "Moravia-Silesia Region-chT 2223"]
[Site "Czech Republic"]
[Date "2022.11.13"]
[Round "3"]
[White "Tylecek, Drahomir"]
[Black "Hlavacek, Pavel1111"]
[Result "1-0"]
[WhiteElo "1826"]
[BlackElo "1600"]
[PlyCount "35"]
[EventDate "2022.10.09"]
[EventType "team-tourn"]
[EventRounds "11"]
[EventCountry "CZE"]
[SourceTitle "EXT 2024"]
[Source "ChessBase"]
[SourceDate "2023.10.10"]
[SourceVersion "1"]
[SourceVersionDate "2023.10.10"]
[SourceQuality "1"]
[WhiteTeam "Ostrava III"]
[BlackTeam "Koprivnice Tatra II"]
[WhiteTeamCountry "CZE"]
[BlackTeamCountry "CZE"]

1. e4 e6 2. d4 d5 3. e5 c5 4. Nc3 cxd4 5. Nb5 Nc6 6. Nf3 a6 7. Nbxd4 Nge7 8. Bd3 Ng6 9. Qe2 Be7 10. 0-0 Qc7 11. c3 Bd7 12. Re1 0-0 13. h4 Nxd4 14. cxd4 h6 15. h5 Nh4 16. Nxh4 Bxh4 17. Qg4 Be7 18. Bxh6 1-0

[Event "LSS No Engine Cup 229 Preliminary 0"]
[Site "LSS email"]
[Date "2022.08.25"]
[Round "?"]
[White "Tylecek, Drahomir"]
[Black "Molina, Vicente Andres"]
[Result "0-1"]
[WhiteElo "1366"]
[BlackElo "998"]
[PlyCount "95"]
[EventDate "2022.08.25"]
[EventType "tourn (corr)"]
[EventRounds "6"]
[EventCountry "GER"]
[SourceTitle "Corr 2024"]
[Source "ChessBase"]
[SourceDate "2023.10.19"]
[SourceVersion "1"]
[SourceVersionDate "2023.10.19"]
[SourceQuality "1"]

1. d4 Nf6 2. c4 c5 3. d5 d6 4. Nc3 g6 5. Nf3 Bg7 6. g3 0-0 7. Bg2 Nbd7 8. 0-0 Re8 9. a4 a6 10. Bg5 Qc7 11. a5 e6 12. Ra3 exd5 13. cxd5 Ne5 14. Nxe5 Rxe5 15. f4 Re8 16. e4 h6 17. Bh4 Bg4 18. Bf3 Bh3 19. Re1 b5 20. e5 Nd7 21. e6 fxe6 22. dxe6 Bxe6 23. Bxa8 b4 24. Rxe6 Rxe6 25. Bd5 bxa3 26. Bxe6+ Kh7 27. Ne4 axb2 28. f5 Ne5 29. f6 Bf8 30. Qb3 Qxa5 31. Qb7+ Kh8 32. Nxd6 Qb5 33. Ba2 Qxb7 34. Nxb7 g5 35. Bxg5 hxg5 36. h4 gxh4 37. gxh4 c4 38. Kf2 c3 39. Bb1 Ng4+ 40. Ke2 Nxf6 41. Kd3 Bb4 42. Kc4 a5 43. Kb5 Nd5 44. Ka4 Ne3 45. Kb3 a4+ 46. Ka2 c2 47. Bxc2 Nxc2 48. Kxb2 0-1

[Event "LSS No Engine Cup 228 Preliminary 0"]
[Site "LSS email"]
[Date "2022.07.09"]
[Round "?"]
[White "Tylecek, Drahomir"]
[Black "Heiser, Jerome"]
[Result "1-0"]
[WhiteElo "1379"]
[BlackElo "741"]
[PlyCount "79"]
[EventDate "2022.07.09"]
[EventType "tourn (corr)"]
[EventRounds "6"]
[EventCountry "GER"]
[SourceTitle "Corr 2024"]
[Source "ChessBase"]
[SourceDate "2023.10.19"]
[SourceVersion "1"]
[SourceVersionDate "2023.10.19"]
[SourceQuality "1"]

1. e4 e5 2. Nf3 Nc6 3. d4 Bb4+ 4. c3 Ba5 5. dxe5 h6 6. Bc4 d6 7. exd6 cxd6 8. Bf4 Bc7 9. 0-0 Bg4 10. Qb3 Na5 11. Bxf7+ Kf8 12. Bxg8 Nxb3 13. Bxb3 Bxf3 14. gxf3 Qf6 15. Bg3 g5 16. Nd2 Rd8 17. h3 b5 18. Rad1 h5 19. Kg2 h4 20. Bh2 Rd7 21. a4 a6 22. axb5 axb5 23. Bd5 Rg7 24. Nb3 b4 25. Nd4 bxc3 26. Ne6+ Kf7 27. Nxc7+ Kg6 28. Ne6 cxb2 29. Bxd6 Ra7 30. e5 Qf5 31. Be4 Rha8 32. Nf8+ Kf7 33. Bxf5 Ra1 34. Bg6+ Kg7 35. Bb1 R8a6 36. Ne6+ Kh6 37. Bf8+ Kh5 38. Ng7+ Kh6 39. Rd6+ Rxd6 40. Ne8+ 1-0

[Event "LSS No Engine Cup 228 Preliminary 0"]
[Site "LSS email"]
[Date "2022.07.09"]
[Round "?"]
[White "Tylecek, Drahomir"]
[Black "Lombardi, Donato"]
[Result "1-0"]
[WhiteElo "1379"]
[BlackElo "1047"]
[PlyCount "69"]
[EventDate "2022.07.09"]
[EventType "tourn (corr)"]
[EventRounds "6"]
[EventCountry "GER"]
[SourceTitle "Corr 2024"]
[Source "ChessBase"]
[SourceDate "2023.10.19"]
[SourceVersion "1"]
[SourceVersionDate "2023.10.19"]
[SourceQuality "1"]

1. f4 d5 2. Nf3 Nc6 3. e3 Nf6 4. b3 e6 5. Bb2 Bd6 6. Bb5 0-0 7. Bxc6 bxc6 8. 0-0 c5 9. d3 Bd7 10. Nbd2 Bc6 11. Qe1 Re8 12. Qh4 h6 13. Ne5 Bb7 14. Ndf3 Nd7 15. Qg3 Nf6 16. Rf2 d4 17. exd4 Bxf3 18. Qxf3 Nd5 19. f5 cxd4 20. fxe6 fxe6 21. Qf7+ Kh8 22. Bxd4 Bxe5 23. Bxe5 Nf6 24. Bxf6 gxf6 25. Raf1 Re7 26. Qxf6+ Kh7 27. Rf4 Rg7 28. Qxe6 Qg5 29. Qe4+ Kh8 30. Rf8+ Rxf8 31. Rxf8+ Rg8 32. Rxg8+ Kxg8 33. Qc4+ Kg7 34. Qxc7+ Kg6 35. Qg3 1-0

[Event "LSS No Engine Cup 228 Preliminary 0"]
[Site "LSS email"]
[Date "2022.07.09"]
[Round "?"]
[White "Vio, Mauro"]
[Black "Tylecek, Drahomir"]
[Result "1-0"]
[WhiteElo "2115"]
[BlackElo "1379"]
[PlyCount "51"]
[EventDate "2022.07.09"]
[EventType "tourn (corr)"]
[EventRounds "6"]
[EventCountry "GER"]
[SourceTitle "Corr 2024"]
[Source "ChessBase"]
[SourceDate "2023.10.19"]
[SourceVersion "1"]
[SourceVersionDate "2023.10.19"]
[SourceQuality "1"]

1. d4 d5 2. Nc3 Nf6 3. Bf4 e6 4. Nb5 Na6 5. e3 c6 6. Nc3 Bd6 7. Bxa6 Bxf4 8. Bxb7 Bxb7 9. exf4 0-0 10. Nf3 Ne4 11. 0-0 Qf6 12. g3 Rad8 13. Na4 h6 14. Ne5 g5 15. f3 Nxg3 16. hxg3 gxf4 17. gxf4 Qxf4 18. Rf2 Kh8 19. Nc5 Bc8 20. Qd2 Rg8+ 21. Kf1 Qf6 22. Rh2 Rg5 23. Rxh6+ Qxh6 24. Nxf7+ Kg7 25. Nxh6 Kxh6 26. Qh2+ 1-0

[Event "LSS No Engine Cup 227 Preliminary 0"]
[Site "LSS email"]
[Date "2022.05.26"]
[Round "?"]
[White "Tylecek, Drahomir"]
[Black "Molina, Vicente Andres"]
[Result "1-0"]
[WhiteElo "1399"]
[BlackElo "1027"]
[PlyCount "39"]
[EventDate "2022.05.26"]
[EventType "tourn (corr)"]
[EventRounds "6"]
[EventCountry "GER"]
[SourceTitle "Corr 2024"]
[Source "ChessBase"]
[SourceDate "2023.10.19"]
[SourceVersion "1"]
[SourceVersionDate "2023.10.19"]
[SourceQuality "1"]

1. d4 d5 2. c4 c6 3. Nc3 Bf5 4. Nf3 e6 5. Bf4 Bd6 6. e3 Bxf4 7. exf4 Nd7 8. cxd5 exd5 9. Bd3 Bxd3 10. Qxd3 Ngf6 11. 0-0 0-0 12. Rae1 Qc7 13. Ne5 Nxe5 14. fxe5 Nd7 15. f4 Nb6 16. f5 Rae8 17. f6 Nc4 18. Qg3 g6 19. Qh4 Nxe5 20. Qh6 1-0

[Event "ZI-2022-0-02720"]
[Site "LSS email"]
[Date "2022.05.16"]
[Round "?"]
[White "Tylecek, Drahomir"]
[Black "Cruz Ramirez, Eliecer"]
[Result "1-0"]
[WhiteElo "1914"]
[BlackElo "1840"]
[PlyCount "33"]
[EventDate "2022.04.02"]
[EventType "match (corr)"]
[EventRounds "2"]
[EventCountry "GER"]
[SourceTitle "Corr 2024"]
[Source "ChessBase"]
[SourceDate "2023.10.19"]
[SourceVersion "1"]
[SourceVersionDate "2023.10.19"]
[SourceQuality "1"]

1. e4 e5 2. Nf3 Nc6 3. Nc3 Nf6 4. d4 exd4 5. Nxd4 Bb4 6. Nxc6 bxc6 7. Bd3 d5 8. exd5 cxd5 9. 0-0 0-0 10. Bg5 Be6 11. Nb5 c5 12. a3 Ba5 13. b4 Bb6 14. c3 h6 15. Bh4 Bd7 16. bxc5 Bxc5 17. Bxf6 1-0

[Event "ZI-2022-0-02719"]
[Site "LSS email"]
[Date "2022.05.11"]
[Round "?"]
[White "Tylecek, Drahomir"]
[Black "Owens, Johnny"]
[Result "1/2-1/2"]
[WhiteElo "1920"]
[BlackElo "1686"]
[PlyCount "50"]
[EventDate "2022.03.03"]
[EventType "match (corr)"]
[EventRounds "2"]
[EventCountry "GER"]
[SourceTitle "Corr 2024"]
[Source "ChessBase"]
[SourceDate "2023.10.19"]
[SourceVersion "1"]
[SourceVersionDate "2023.10.19"]
[SourceQuality "1"]

1. e4 d5 2. exd5 Qxd5 3. Nc3 Qd6 4. d4 Nf6 5. Nf3 c6 6. Be3 Bg4 7. h3 Bh5 8. g4 Bg6 9. Ne5 Nbd7 10. Qe2 e6 11. Nxg6 hxg6 12. 0-0-0 Nb6 13. Kb1 Nbd5 14. Nxd5 Nxd5 15. Bd2 Be7 16. c4 Nf4 17. Bxf4 Qxf4 18. d5 Rd8 19. Bg2 0-0 20. dxe6 fxe6 21. Qxe6+ Qf7 22. Qxf7+ Kxf7 23. Be4 Rxd1+ 24. Rxd1 Rd8 25. Rxd8 Bxd8 1/2-1/2

[Event "LSS No Engine Cup 226 Preliminary 0"]
[Site "LSS email"]
[Date "2022.03.27"]
[Round "?"]
[White "Tylecek, Drahomir"]
[Black "Kocian, Stefan"]
[Result "0-1"]
[WhiteElo "1413"]
[BlackElo "1299"]
[PlyCount "56"]
[EventDate "2022.03.27"]
[EventType "tourn (corr)"]
[EventRounds "6"]
[EventCountry "GER"]
[SourceTitle "Corr 2024"]
[Source "ChessBase"]
[SourceDate "2023.10.19"]
[SourceVersion "1"]
[SourceVersionDate "2023.10.19"]
[SourceQuality "1"]

1. d4 Nf6 2. c4 e5 3. dxe5 Ng4 4. Nf3 Nc6 5. Nc3 Ngxe5 6. e3 Bb4 7. Nxe5 Bxc3+ 8. bxc3 Nxe5 9. Be2 d6 10. 0-0 0-0 11. f4 Nc6 12. Bf3 Bd7 13. Rb1 Rb8 14. Rb5 Qe7 15. g4 f5 16. gxf5 Bxf5 17. Bg4 Be4 18. Rh5 Qf6 19. Qe1 Bd3 20. Rf3 Bxc4 21. Rfh3 h6 22. e4 Rbe8 23. Qg3 Rxe4 24. Bf5 Re2 25. Qg4 Re1+ 26. Kf2 Rf1+ 27. Kg2 Rxc1 28. Rxh6 Bf1+ 0-1

[Event "LSS No Engine Cup 225 Preliminary 0"]
[Site "LSS email"]
[Date "2022.02.02"]
[Round "?"]
[White "Hruby, Milan"]
[Black "Tylecek, Drahomir"]
[Result "1-0"]
[WhiteElo "2047"]
[BlackElo "1403"]
[PlyCount "35"]
[EventDate "2022.02.02"]
[EventType "tourn (corr)"]
[EventRounds "6"]
[EventCountry "GER"]
[SourceTitle "Corr 2024"]
[Source "ChessBase"]
[SourceDate "2023.10.19"]
[SourceVersion "1"]
[SourceVersionDate "2023.10.19"]
[SourceQuality "1"]

1. e4 e5 2. Nf3 Nc6 3. d4 exd4 4. Bc4 Nf6 5. e5 d5 6. Bb5 Ne4 7. Nxd4 Bc5 8. Be3 Bd7 9. Bxc6 bxc6 10. Nd2 0-0 11. Nxe4 dxe4 12. Nxc6 Bxc6 13. Bxc5 Qg5 14. Qd2 Qxg2 15. 0-0-0 Rfe8 16. Rhg1 Qh3 17. Rxg7+ Kxg7 18. Qg5+ 1-0

[Event "RB-2022-0-00411"]
[Site "LSS email"]
[Date "2022.01.18"]
[Round "?"]
[White "Tylecek, Drahomir"]
[Black "Wittal, Werner"]
[Result "1/2-1/2"]
[WhiteElo "1967"]
[BlackElo "1970"]
[PlyCount "61"]
[EventDate "2021.10.15"]
[EventType "tourn (corr)"]
[EventRounds "6"]
[EventCountry "GER"]
[SourceTitle "Corr 2024"]
[Source "ChessBase"]
[SourceDate "2023.10.19"]
[SourceVersion "1"]
[SourceVersionDate "2023.10.19"]
[SourceQuality "1"]

1. e4 e5 2. Nf3 Nc6 3. d4 exd4 4. Bc4 Nf6 5. e5 d5 6. Bb5 Ne4 7. Nxd4 Bd7 8. Bxc6 bxc6 9. 0-0 Bc5 10. f3 Ng5 11. Be3 Bb6 12. f4 Ne4 13. Nd2 Nxd2 14. Qxd2 c5 15. Nf3 d4 16. Bf2 Bc6 17. f5 Bxf3 18. gxf3 Qd5 19. Qg5 c4 20. Rad1 d3 21. b3 Bxf2+ 22. Kxf2 Qc5+ 23. Kg2 dxc2 24. Rc1 cxb3 25. axb3 Rd8 26. e6 fxe6 27. Qxg7 Rf8 28. fxe6 Rd2+ 29. Kh1 Qc6 30. Qxh7 Rxf3 31. Qg6+ 1/2-1/2

[Event "ZI-2022-0-02710"]
[Site "LSS email"]
[Date "2022.01.13"]
[Round "?"]
[White "Tylecek, Drahomir"]
[Black "Baltar, Antoni"]
[Result "0-1"]
[WhiteElo "1970"]
[BlackElo "1980"]
[PlyCount "50"]
[EventDate "2021.12.07"]
[EventType "match (corr)"]
[EventRounds "2"]
[EventCountry "GER"]
[SourceTitle "Corr 2024"]
[Source "ChessBase"]
[SourceDate "2023.10.19"]
[SourceVersion "1"]
[SourceVersionDate "2023.10.19"]
[SourceQuality "1"]

1. e4 e5 2. Nf3 Nc6 3. Bc4 Nf6 4. Ng5 Bc5 5. Bxf7+ Ke7 6. Bb3 Rf8 7. d3 a5 8. Nc3 Qe8 9. 0-0 h6 10. Nf3 d6 11. Be3 Bg4 12. Bxc5 dxc5 13. h3 Bxf3 14. Qxf3 a4 15. Bd5 Nd4 16. Qg3 Kd8 17. Bxb7 Ra7 18. Bd5 Nh5 19. Qg4 Rf4 20. Qd1 Ra6 21. Ne2 Rg6 22. Nxd4 cxd4 23. Qe2 Rh4 24. f4 Rxh3 25. Qd2 Rg4 0-1

[Event "LSS No Engine Cup 224 Preliminary 0"]
[Site "LSS email"]
[Date "2022.01.08"]
[Round "?"]
[White "Tylecek, Drahomir"]
[Black "Vieth, Martin"]
[Result "1-0"]
[WhiteElo "1405"]
[BlackElo "1487"]
[PlyCount "31"]
[EventDate "2022.01.08"]
[EventType "tourn (corr)"]
[EventRounds "6"]
[EventCountry "GER"]
[SourceTitle "Corr 2024"]
[Source "ChessBase"]
[SourceDate "2023.10.19"]
[SourceVersion "1"]
[SourceVersionDate "2023.10.19"]
[SourceQuality "1"]

1. e4 c6 2. d4 d5 3. f3 dxe4 4. Nc3 exf3 5. Nxf3 Bg4 6. Bc4 e6 7. 0-0 Nf6 8. Be3 Be7 9. Qe1 Bb4 10. Qg3 0-0 11. Rad1 Bh5 12. Bg5 Be7 13. Qh4 Bg6 14. Bd3 Nd5 15. Bxg6 fxg6 16. Nxd5 1-0

[Event "RB-2022-0-00411"]
[Site "LSS email"]
[Date "2022.01.07"]
[Round "?"]
[White "Tylecek, Drahomir"]
[Black "Ederer, Karel"]
[Result "1/2-1/2"]
[WhiteElo "1967"]
[BlackElo "1876"]
[PlyCount "62"]
[EventDate "2021.10.15"]
[EventType "tourn (corr)"]
[EventRounds "6"]
[EventCountry "GER"]
[SourceTitle "Corr 2024"]
[Source "ChessBase"]
[SourceDate "2023.10.19"]
[SourceVersion "1"]
[SourceVersionDate "2023.10.19"]
[SourceQuality "1"]

1. e4 e5 2. Nf3 Nc6 3. d4 exd4 4. Bc4 Bc5 5. c3 Nf6 6. cxd4 Bb4+ 7. Bd2 Bxd2+ 8. Nbxd2 d5 9. exd5 Nxd5 10. 0-0 0-0 11. Rc1 Nb6 12. Bb3 a5 13. a4 Nd5 14. Re1 Be6 15. Ne4 Bg4 16. Nc3 Nf4 17. h3 Bh5 18. Ne4 Ra6 19. Bc4 Rb6 20. Ng3 Bxf3 21. Qxf3 Ng6 22. d5 Nce5 23. Qc3 Nxc4 24. Qxc4 Rb4 25. Qxc7 Qxd5 26. Red1 Qa2 27. Qxa5 Qxb2 28. Qc5 Rxa4 29. Rb1 Qe5 30. Qxe5 Nxe5 31. Rxb7 g6 1/2-1/2

[Event "LSS No Engine Cup 222 Preliminary 0"]
[Site "LSS email"]
[Date "2021.10.23"]
[Round "?"]
[White "Hoehne, Volkmar"]
[Black "Tylecek, Drahomir"]
[Result "1-0"]
[WhiteElo "2109"]
[BlackElo "1421"]
[PlyCount "53"]
[EventDate "2021.10.23"]
[EventType "tourn (corr)"]
[EventRounds "6"]
[EventCountry "GER"]
[SourceTitle "Corr 2024"]
[Source "ChessBase"]
[SourceDate "2023.10.19"]
[SourceVersion "1"]
[SourceVersionDate "2023.10.19"]
[SourceQuality "1"]

1. e4 e5 2. Nf3 Nc6 3. Bb5 f5 4. Nc3 Nf6 5. exf5 Bc5 6. 0-0 0-0 7. Nxe5 Nxe5 8. d4 Nc6 9. dxc5 d6 10. g4 dxc5 11. Qxd8 Rxd8 12. Bxc6 bxc6 13. f3 h5 14. h3 hxg4 15. hxg4 Rb8 16. b3 c4 17. Bf4 Rb7 18. Bg5 cxb3 19. axb3 c5 20. Bxf6 gxf6 21. Ne4 c4 22. Nxf6+ Kf7 23. Ne4 cxb3 24. cxb3 Rxb3 25. Rxa7 Bb7 26. Nc5 Rxf3 27. Rxb7 1-0

[Event "LSS No Engine Cup 222 Preliminary 0"]
[Site "LSS email"]
[Date "2021.10.23"]
[Round "?"]
[White "Tylecek, Drahomir"]
[Black "Kocian, Stefan"]
[Result "1-0"]
[WhiteElo "1421"]
[BlackElo "1310"]
[PlyCount "53"]
[EventDate "2021.10.23"]
[EventType "tourn (corr)"]
[EventRounds "6"]
[EventCountry "GER"]
[SourceTitle "Corr 2024"]
[Source "ChessBase"]
[SourceDate "2023.10.19"]
[SourceVersion "1"]
[SourceVersionDate "2023.10.19"]
[SourceQuality "1"]

1. e4 e6 2. Nf3 d5 3. e5 Bd7 4. d4 c5 5. c3 Qb6 6. Nbd2 Bb5 7. Nb3 Bxf1 8. Kxf1 Nc6 9. Be3 Nge7 10. dxc5 Qc7 11. Nfd4 Qxe5 12. Nb5 Nf5 13. Qf3 a6 14. Bf4 Nh4 15. Bxe5 Nxf3 16. Nc7+ Kd8 17. Nxa8 Nfxe5 18. Nb6 Nd3 19. Ke2 Nxb2 20. Rab1 Nc4 21. Nd4 N4a5 22. Na4 Kc7 23. f4 g6 24. Rhf1 b5 25. cxb6+ Kb7 26. g4 Bg7 27. Nc5+ 1-0

[Event "LSS No Engine Cup 222 Preliminary 0"]
[Site "LSS email"]
[Date "2021.10.23"]
[Round "?"]
[White "Wilshusen, Horst"]
[Black "Tylecek, Drahomir"]
[Result "0-1"]
[WhiteElo "1423"]
[BlackElo "1421"]
[PlyCount "26"]
[EventDate "2021.10.23"]
[EventType "tourn (corr)"]
[EventRounds "6"]
[EventCountry "GER"]
[SourceTitle "Corr 2024"]
[Source "ChessBase"]
[SourceDate "2023.10.19"]
[SourceVersion "1"]
[SourceVersionDate "2023.10.19"]
[SourceQuality "1"]

1. e4 e5 2. Nf3 Nc6 3. Bb5 f5 4. d3 fxe4 5. dxe4 Nf6 6. 0-0 Bc5 7. Bxc6 bxc6 8. Nxe5 0-0 9. Nd3 Bb6 10. Bg5 d6 11. Nc3 Qe8 12. Na4 Qg6 13. Qd2 Nxe4 0-1